Tècnica de l'excrusionisme / F. Pujol i Algueró ; pròleg d'A. Rovira i Virgili
Descripción Física:
57 p. ; 17 cm
Otros Autores:
Rovira i Virgili, Antoni, 1882-1949
Materias:
Excursionisme
MARC
| LEADER | 00000nam a2200000Ia 4500 | ||
|---|---|---|---|
| 001 | 23239 | ||
| 008 | 160829s1936 xx 000 0 cat d | ||
| 080 | |a P-1-97 | ||
| 100 | |a Pujol i Algueró, Francesc |9 48057 | ||
| 245 | |a Tècnica de l'excrusionisme / F. Pujol i Algueró ; pròleg d'A. Rovira i Virgili | ||
| 260 | |a Barcelona : |b Norma, |c 1936 | ||
| 300 | |a 57 p. ; |c 17 cm | ||
| 490 | |a Biblioteca sociològica contemporània. Secció A. Op. I | ||
| 590 | |a Bibliografia. | ||
| 590 | |a Prové de Q-331, exp. 98 | ||
| 650 | |a Excursionisme |9 49694 | ||
| 700 | 1 | |a Rovira i Virgili, Antoni, |d 1882-1949 |e autor del pròleg |9 25588 | |
| 901 | |a Arxiu | ||
| 942 | |n 1 |2 udc | ||
| 952 | |0 0 |1 0 |4 0 |6 P197 |7 1 |9 54294 |a Arxiu |b Arxiu |d 2016-12-01 |l 0 |o P-1-97 |p 23239 |r 2016-12-01 00:00:00 |w 2016-12-01 |y ARXIU | ||
| 999 | |c 58163 |d 58163 | ||